000 00425nam a2200145 a 4500
001 000038582
005 20201002031313.0
008 130415s2000 spa 000 0 spa d
020 _a8429313540
040 _aDO-SdBNP
_bspa
_cBNPHU
100 1 _aOtón Catalán, Josep
_964925
245 1 3 _aEl inconsciente ¿morada de Dios? /
_cJosep Otón Catalán.
260 _aEspaña :
_bSal Terrae ,
_c2000.
300 _a198 p. : ;
_c20 cm.
999 _c38072
_d38072